Student unrest: causes and cure (Record no. 371001)

000 -LEADER
fixed length control field 00343cam a22001217a 4500
008 - FIXED-LENGTH DATA ELEMENTS--GENERAL INFORMATION
fixed length control field 180718b1958 xxu||||| |||| 00| 0 eng d
082 ## - DEWEY DECIMAL CLASSIFICATION NUMBER
Classification number P24x54 K112s
100 ## - MAIN ENTRY--PERSONAL NAME
Personal name Kabir, Humayun
245 ## - TITLE STATEMENT
Title Student unrest: causes and cure
Statement of responsibility, etc. by Humayun Kabir
260 ## - PUBLICATION, DISTRIBUTION, ETC.
Place of publication, distribution, etc. Calcutta
Name of publisher, distributor, etc. Orient Book
Date of publication, distribution, etc. 1958
300 ## - PHYSICAL DESCRIPTION
Extent 131p.
650 ## - SUBJECT ADDED ENTRY--TOPICAL TERM
Topical term or geographic name entry element School Discipline - India
Holdings
Withdrawn status Lost status Damaged status Not for loan Permanent Location Current Location Date acquired Full call number Barcode Date last seen Price effective from Koha item type
        Indian Institute of Public Administration Indian Institute of Public Administration 1994-06-08 P24x54 K112s 14224 2018-07-21 2018-07-21 Book

Powered by Koha